| 000 | 00447nam a2200181Ia 4500 | ||
|---|---|---|---|
| 003 | OSt | ||
| 005 | 20250806151623.0 | ||
| 008 | 210423s9999 xx 000 0 und d | ||
| 040 | _cAL | ||
| 041 | _aEnglish | ||
| 082 |
_a303.372 _bLOUC |
||
| 100 |
_aStan Lourdusamy _9105906 |
||
| 245 | _aChurch and social justice | ||
| 260 |
_bC S A Publication _aChennai _c2021 |
||
| 365 | _cINR | ||
| 906 | _aChurch ; justice. ; social | ||
| 942 |
_2ddc _cBK |
||
| 999 |
_c172262 _d172262 |
||